20 Most Populated U.S States - Statistics

General Stats
  • This quiz has been taken 56 times
  • The average score is 18 of 20
Answer Stats
Population State % Correct
39,029,342 California
100%
22,244,823 Florida
100%
19,677,151 New York
100%
30,029,572 Texas
100%
7,359,197 Arizona
96%
12,972,008 Pennsylvania
96%
7,785,786 Washington
96%
10,912,876 Georgia
94%
12,582,032 Illinois
94%
11,756,058 Ohio
94%
10,034,113 Michigan
92%
10,698,973 North Carolina
92%
6,833,037 Indiana
90%
9,261,699 New Jersey
88%
7,051,339 Tennessee
88%
8,683,619 Virginia
86%
6,981,974 Massachusetts
82%
6,177,957 Missouri
76%
5,892,539 Wisconsin
76%
6,164,660 Maryland
73%
No matching quizzes found
Score Distribution
Percent of People with Each Score
Percentile by Number Answered
Your Score History
You have not taken this quiz